000 00789nam a2200229Ii 4500
003 JO-AjNU
008 230605s9999||||xx |||||||||||||| ||und||
017 _a2017/4/1827
020 _a978-9957-81-335-2
040 _aJO-AjNU
_bara
_erda
_cJO-AjNU
041 _aara
050 1 4 _aHB172.5.A439 2017
100 3 _aالعلاوين، عبدالهادي ,
_eauthor
_959575
245 0 0 _aالاقتصاد الكلي: اسس وسياسات
250 _aالطبعة الاولى
264 3 1 _aعمان: دار جليس الزمان، 2017
300 _a493ص
_b ويحتوي على قائمة مراجع من ص492-ص493
336 _atext
_btxt
_2rdacontent
337 _aunmediated
_bn
_2rdamedia
338 _avolume
_bnc
_2rdacarrier
650 4 _aالاقتصاد الكلي
_959576
999 _aA26816
_c30384
_d30384